[Event "FIDE World Blitz-ch Women 2018"]
[Site "St. Petersburg"]
[Date "2018.12.30"]
[Round "13.16"]
[White "Koneru, Humpy"]
[Black "Vega Gutierrez, Sabrina"]
[Result "1-0"]
[WhiteElo "2541"]
[BlackElo "2390"]
[Annotator "ChessBase"]
[PlyCount "75"]
[EventDate "2018.12.19"]
[EventType "swiss"]
[EventCountry "RUS"]
[SourceTitle "playchess.com"]
[Source "ChessBase"]
[SourceQuality "1"]

1. d4 d5 2. c4 e6 3. Nc3 c6 4. e3 f5 5. Bd3 Nf6 6. Nge2 Bd6 7. f3 O-O 8. Qc2 Qe7 9. Bd2 dxc4 10. Bxc4 b5 11. Bd3 Kh8 12. O-O Nbd7 13. e4 b4 14. Na4 fxe4 15. fxe4 e5 16. Qxc6 Rb8 17. Ng3 Nb6 18. Nxb6 Rxb6 19. Qc2 exd4 20. Bf4 Be5 21. Rae1 Bd7 22. Nf5 Qe8 23. Qc5 Bxf4 24. Rxf4 Bxf5 25. Rxf5 Nd7 26. Rxf8+ Qxf8 27. Qxd4 Qe7 28. Rf1 Re6 29. h3 Rd6 30. Qxb4 g6 31. Qc3+ Ne5 32. Bc2 Kg7 33. b4 Rc6 34. Qb2 Rc4 35. Bb3 Rxb4 36. Qc3 Rb7 37. Rf7+ Qxf7 38. Bxf7 1-0

[Event "FIDE World Blitz-ch Women 2018"]
[Site "St. Petersburg"]
[Date "2018.12.30"]
[Round "13.17"]
[White "Drozdova, Dina"]
[Black "Tan, Zhongyi"]
[Result "1/2-1/2"]
[WhiteElo "2178"]
[BlackElo "2508"]
[Annotator "ChessBase"]
[PlyCount "310"]
[EventDate "2018.12.19"]
[EventType "swiss"]
[EventCountry "RUS"]
[SourceTitle "playchess.com"]
[Source "ChessBase"]
[SourceQuality "1"]

1. d4 Nf6 2. c4 e6 3. Nf3 d5 4. Bg5 dxc4 5. Qa4+ c6 6. Qxc4 b5 7. Qc2 Bb7 8. e3 Nbd7 9. Be2 a6 10. O-O Be7 11. Nbd2 c5 12. dxc5 Bxc5 13. Rac1 Rc8 14. Qb1 O-O 15. b4 Be7 16. Rxc8 Qxc8 17. Rc1 Qa8 18. a3 h6 19. Bh4 Rc8 20. Ne1 Bf8 21. f3 Nd5 22. Bf2 Ne5 23. Rxc8 Qxc8 24. Ne4 f5 25. Nc5 Nc3 26. Qb2 Nxe2+ 27. Qxe2 Bxc5 28. bxc5 Qxc5 29. e4 Qc4 30. Qd2 fxe4 31. Qd6 Nd3 32. Qb8+ Qc8 33. Qxc8+ Bxc8 34. fxe4 Nb2 35. Bc5 Kf7 36. Kf2 Bb7 37. e5 Kg6 38. g3 Kf5 39. Bf8 Nc4 40. Nc2 Be4 41. Nd4+ Kxe5 42. Bxg7+ Kd5 43. Ne2 Kc6 44. Bf8 a5 45. g4 e5 46. h4 Bg6 47. Kf3 Nd2+ 48. Ke3 Nc4+ 49. Kf3 b4 50. axb4 a4 51. Nc3 a3 52. b5+ Kb6 53. g5 hxg5 54. hxg5 Bb1 55. Kg4 a2 56. Nxa2 Bxa2 57. g6 Ne3+ 58. Kf3 Nc4 59. Ke4 Kxb5 60. g7 Bb1+ 61. Kd5 Bh7 62. Be7 Bg8+ 63. Ke4 Kc6 64. Bb4 Bh7+ 65. Kf3 Kd5 66. Bc3 Nd6 67. Kg4 Ke6 68. Be1 Kf7 69. Bc3 Nc4 70. Kg5 Kxg7 71. Bxe5+ Nxe5 72. Kf4 Kf6 73. Ke3 Kf5 74. Kd4 Bg8 75. Ke3 Nc6 76. Kf3 Bd5+ 77. Ke3 Be4 78. Ke2 Kf4 79. Kd2 Ne5 80. Kc3 Ke3 81. Kb4 Kd4 82. Kb5 Nd3 83. Kb6 Kc4 84. Kc7 Nc5 85. Kd6 Kd4 86. Ke7 Ke5 87. Kf7 Bd5+ 88. Kg6 Ne6 89. Kh5 Kf6 90. Kh6 Be4 91. Kh5 Kf5 92. Kh4 Kf4 93. Kh5 Bd3 94. Kh6 Bc2 95. Kh5 Kf5 96. Kh6 Bd3 97. Kh5 Ng7+ 98. Kh6 Ne6 99. Kh5 Kf6 100. Kh6 Nc5 101. Kh5 Nd7 102. Kg4 Ne5+ 103. Kf4 Bg6 104. Ke3 Kf5 105. Kd4 Bf7 106. Kc5 Ke4 107. Kd6 Kd4 108. Ke7 Bc4 109. Kd6 Bb3 110. Ke7 Kd5 111. Kf6 Kd6 112. Kf5 Bc2+ 113. Kf4 Ng6+ 114. Kg5 Ke6 115. Kg4 Ke5 116. Kf3 Kd4 117. Kg4 Ke4 118. Kg5 Ke5 119. Kg4 Be4 120. Kg5 Ne7 121. Kg4 Nd5 122. Kg5 Nf6 123. Kh6 Kf5 124. Kg7 Kg5 125. Kf7 Bf5 126. Ke7 Ne4 127. Kf7 Kf4 128. Kg7 Ke5 129. Kh6 Kf6 130. Kh5 Ng3+ 131. Kh4 Ne2 132. Kh5 Be6 133. Kh4 Kf5 134. Kh5 Bg8 135. Kh6 Kf6 136. Kh5 Nd4 137. Kg4 Ke5 138. Kg5 Bf7 139. Kg4 Ne6 140. Kf3 Kd4 141. Kg4 Ke4 142. Kh4 Kf4 143. Kh3 Bh5 144. Kg2 Bf3+ 145. Kf2 Nc5 146. Ke1 Ne4 147. Kf1 Ke3 148. Kg1 Bg4 149. Kf1 Bh5 150. Kg2 Bg4 151. Kf1 Nc5 152. Kg2 Kf4 153. Kf2 Nd3+ 154. Kf1 Kf3 155. Kg1 Bh3 1/2-1/2

[Event "FIDE World Blitz-ch Women 2018"]
[Site "St. Petersburg"]
[Date "2018.12.30"]
[Round "13.18"]
[White "Voit, Daria"]
[Black "Mammadzada, Gunay"]
[Result "0-1"]
[WhiteElo "2358"]
[BlackElo "2422"]
[Annotator "NA"]
[PlyCount "74"]
[EventDate "2018.12.19"]
[EventType "swiss"]
[EventCountry "RUS"]
[SourceTitle "playchess.com"]
[Source "ChessBase"]
[SourceQuality "1"]

1. Nf3 d5 2. c4 c6 3. d4 Nf6 4. Nc3 a6 5. e3 g6 6. Bd3 Bg7 7. O-O O-O 8. b3 Bg4 9. Bb2 Qd6 10. h3 Bxf3 11. Qxf3 Nbd7 12. e4 e5 13. dxe5 Nxe5 14. Qg3 dxc4 15. Be2 Nh5 16. Bxh5 gxh5 17. f4 Nd3 18. Na4 Nxb2 19. Nxb2 Qd4+ 20. Rf2 Qxe4 21. Nxc4 Kh8 22. Rd1 Bd4 23. Rxd4 Qxd4 24. Ne5 f6 25. Nf3 Qc5 26. Kh2 Rad8 27. Qh4 Qf5 28. Re2 Rd7 29. Re3 c5 30. Rc3 b5 31. Re3 c4 32. bxc4 bxc4 33. Re2 c3 34. Re1 c2 35. Qg3 Rg8 36. Qf2 Qxf4+ 37. Kh1 c1=Q 0-1

[Event "FIDE World Blitz-ch Women 2018"]
[Site "St. Petersburg"]
[Date "2018.12.30"]
[Round "13.19"]
[White "Munkhzul, Turmunkh"]
[Black "Vo, Thi Kim Phung"]
[Result "1-0"]
[WhiteElo "2255"]
[BlackElo "2352"]
[Annotator "NA"]
[PlyCount "97"]
[EventDate "2018.12.19"]
[EventType "swiss"]
[EventCountry "RUS"]
[SourceTitle "playchess.com"]
[Source "ChessBase"]
[SourceQuality "1"]

1. e4 e6 2. d4 d5 3. Nd2 Nf6 4. e5 Nfd7 5. Bd3 c5 6. c3 Nc6 7. Ne2 f6 8. exf6 Nxf6 9. Nf3 cxd4 10. cxd4 Bd6 11. O-O O-O 12. Bf4 Ne4 13. Qc1 Qc7 14. Bxd6 Qxd6 15. Ng3 Nxg3 16. hxg3 e5 17. dxe5 Nxe5 18. Nxe5 Qxe5 19. Qd2 Bf5 20. Bxf5 Qxf5 21. Rad1 Rad8 22. Qd4 a6 23. Rfe1 Rd7 24. Re5 Qc2 25. Rxd5 Rdf7 26. f3 h6 27. Qf2 Qc6 28. Rd6 Qb5 29. Qb6 Qe2 30. Qf2 Qb5 31. b3 Re7 32. R6d2 Rfe8 33. Qd4 Kh8 34. Qd5 Qb6+ 35. Kh2 Re5 36. Qf7 R5e7 37. Qf4 Re5 38. g4 R5e7 39. Rd6 Qa5 40. a4 Qc3 41. R6d3 Qb2 42. Qf5 Qf2 43. Qh5 Re2 44. Rg1 Qb6 45. g5 Qc7+ 46. Kh1 R2e5 47. f4 Rf5 48. Qxe8+ Kh7 49. g6# 1-0

[Event "FIDE World Blitz-ch Women 2018"]
[Site "St. Petersburg"]
[Date "2018.12.30"]
[Round "13.20"]
[White "Zhao, Xue"]
[Black "Nebolsina, Vera"]
[Result "1-0"]
[WhiteElo "2485"]
[BlackElo "2242"]
[Annotator "ChessBase"]
[PlyCount "63"]
[EventDate "2018.12.19"]
[EventType "swiss"]
[EventCountry "RUS"]
[SourceTitle "playchess.com"]
[Source "ChessBase"]
[SourceQuality "1"]

1. d4 Nf6 2. Bf4 g6 3. Nc3 d5 4. e3 Bg7 5. h4 c5 6. Nb5 Na6 7. c3 O-O 8. h5 Nxh5 9. Rxh5 gxh5 10. Qxh5 cxd4 11. exd4 Qb6 12. Bd3 h6 13. Nf3 Bd7 14. a4 Qe6+ 15. Kd2 Qg4 16. Qh2 e5 17. Nxe5 Bxe5 18. Bxe5 h5 19. Be2 Qf5 20. g4 Qg5+ 21. f4 Qh6 22. g5 Qe6 23. Qxh5 Qh3 24. Qxh3 Bxh3 25. Rh1 f6 26. gxf6 Bf5 27. Rg1+ Kf7 28. Rg7+ Ke8 29. Nd6+ Kd8 30. Nxb7+ Kc8 31. Nd6+ Kd8 32. Nxf5 1-0

[Event "FIDE World Blitz-ch Women 2018"]
[Site "St. Petersburg"]
[Date "2018.12.30"]
[Round "13.21"]
[White "Mirzoeva, Elmira"]
[Black "Michna, Marta"]
[Result "1-0"]
[WhiteElo "2281"]
[BlackElo "2333"]
[Annotator "NA"]
[PlyCount "41"]
[EventDate "2018.12.19"]
[EventType "swiss"]
[EventCountry "RUS"]
[SourceTitle "playchess.com"]
[Source "ChessBase"]
[SourceQuality "1"]

1. d4 d6 2. Bf4 Nf6 3. e3 g6 4. Be2 Bg7 5. h3 O-O 6. Nf3 Nfd7 7. O-O e5 8. Bh2 Nc6 9. c4 exd4 10. exd4 Qf6 11. Nc3 Nxd4 12. Nxd4 Qxd4 13. Nd5 Qxd1 14. Raxd1 Bxb2 15. Nxc7 Rb8 16. Bxd6 Be5 17. Bxf8 Kxf8 18. Nb5 Nc5 19. Rd5 Nd7 20. Nxa7 Ke7 21. Rfd1 1-0

[Event "FIDE World Blitz-ch Women 2018"]
[Site "St. Petersburg"]
[Date "2018.12.30"]
[Round "13.22"]
[White "Murashova, Ekaterina"]
[Black "Skripchenko, Almira"]
[Result "0-1"]
[WhiteElo "2259"]
[BlackElo "2408"]
[Annotator "NA"]
[PlyCount "92"]
[EventDate "2018.12.19"]
[EventType "swiss"]
[EventCountry "RUS"]
[SourceTitle "playchess.com"]
[Source "ChessBase"]
[SourceQuality "1"]

1. e4 d6 2. d4 Nf6 3. Nc3 e5 4. Nge2 c6 5. f3 Be7 6. Be3 b5 7. Qd2 b4 8. Na4 Nbd7 9. dxe5 dxe5 10. Ng3 g6 11. Rd1 Qc7 12. Bc4 O-O 13. h4 Rd8 14. Qf2 h5 15. Bb3 Ba6 16. Ne2 Bb5 17. Qg3 Nf8 18. Rxd8 Rxd8 19. c4 Bxa4 20. Bxa4 Ne6 21. O-O Bc5 22. Qf2 Qa5 23. Bxc6 Rd2 24. Bd5 Nd4 25. Bxd2 Nxe2+ 26. Kh2 Bxf2 27. Rxf2 Nd4 28. Bg5 Nh7 29. Be3 Qd8 30. g3 Nf6 31. Kg2 Nd7 32. Rd2 Qb6 33. b3 a5 34. Bf2 Kg7 35. Be3 Nc5 36. Bf2 a4 37. bxa4 Nxa4 38. Be3 b3 39. axb3 Qxb3 40. Bxd4 exd4 41. Kf1 d3 42. c5 Qc3 43. Rd1 Nxc5 44. f4 Na4 45. e5 Nb2 46. Rb1 d2 0-1

[Event "FIDE World Blitz-ch Women 2018"]
[Site "St. Petersburg"]
[Date "2018.12.30"]
[Round "13.23"]
[White "Gevorgyan, Maria"]
[Black "Muzychuk, Mariya"]
[Result "0-1"]
[WhiteElo "2228"]
[BlackElo "2540"]
[Annotator "ChessBase"]
[PlyCount "78"]
[EventDate "2018.12.19"]
[EventType "swiss"]
[EventCountry "RUS"]
[SourceTitle "playchess.com"]
[Source "ChessBase"]
[SourceQuality "1"]

1. e4 c5 2. Nc3 e6 3. Nf3 Nc6 4. Bb5 Nd4 5. O-O a6 6. Bd3 Nxf3+ 7. Qxf3 Qc7 8. b3 Ne7 9. Bb2 Nc6 10. a3 Bd6 11. Qh3 Ne5 12. Be2 Ng6 13. g3 Be5 14. Nd1 b6 15. Bf3 Bb7 16. Bg2 O-O-O 17. Qh5 Bxb2 18. Nxb2 d5 19. exd5 Bxd5 20. Bxd5 Rxd5 21. Qe2 Kb7 22. Nc4 h5 23. Qf3 Ka7 24. h4 Ne5 25. Nxe5 Rxe5 26. Rae1 Rd5 27. d3 g5 28. hxg5 Rxg5 29. Re4 h4 30. Qf4 Qe7 31. Kg2 hxg3 32. fxg3 Rgh5 33. Qg4 Rh2+ 34. Kg1 Rh1+ 35. Kf2 Rxf1+ 36. Kxf1 f5 37. Rxe6 Qb7 38. Re3 Rh1+ 39. Kf2 Rh2+ 0-1

[Event "FIDE World Blitz-ch Women 2018"]
[Site "St. Petersburg"]
[Date "2018.12.30"]
[Round "13.24"]
[White "Nomin-Erdene, Davaademberel"]
[Black "Danielian, Elina"]
[Result "1-0"]
[WhiteElo "2376"]
[BlackElo "2427"]
[Annotator "NA"]
[PlyCount "109"]
[EventDate "2018.12.19"]
[EventType "swiss"]
[EventCountry "RUS"]
[SourceTitle "playchess.com"]
[Source "ChessBase"]
[SourceQuality "1"]

1. f4 d5 2. Nf3 Nf6 3. g3 g6 4. Bg2 Bg7 5. d3 O-O 6. O-O c5 7. c3 Nc6 8. Na3 a6 9. Nc2 Qc7 10. Rb1 b5 11. Bd2 Bb7 12. Qe1 Rad8 13. Qf2 d4 14. h3 e5 15. Nxe5 Nxe5 16. fxe5 Nd5 17. cxd4 cxd4 18. Rbc1 Qxe5 19. Nb4 Nxb4 20. Bxb4 Bxg2 21. Kxg2 Qd5+ 22. Qf3 Rfe8 23. Qxd5 Rxd5 24. Rf2 Rde5 25. Kf1 Re3 26. Rc7 f5 27. g4 Rxh3 28. gxf5 gxf5 29. Rxf5 Rh1+ 30. Kg2 Rh6 31. Rg5 Rg6 32. Rxg6 hxg6 33. Kf2 Re6 34. Bc5 Bh6 35. Bxd4 Bf4 36. Ra7 g5 37. e3 Bd6 38. Rg7+ Kf8 39. Rxg5 Bb4 40. e4 Rd6 41. Ke3 Kf7 42. Rf5+ Ke8 43. e5 Rh6 44. Ke4 Rh3 45. a3 Be7 46. Rf3 Rh4+ 47. Kd5 Kd7 48. e6+ Ke8 49. Be5 b4 50. Rg3 bxa3 51. Rg8+ Bf8 52. Bd6 Rh5+ 53. Kc6 Rf5 54. bxa3 a5 55. e7 1-0

[Event "FIDE World Blitz-ch Women 2018"]
[Site "St. Petersburg"]
[Date "2018.12.30"]
[Round "13.25"]
[White "Zhukova, Natalia"]
[Black "Shuvalova, Polina"]
[Result "0-1"]
[WhiteElo "2377"]
[BlackElo "2441"]
[Annotator "NA"]
[PlyCount "90"]
[EventDate "2018.12.19"]
[EventType "swiss"]
[EventCountry "RUS"]
[SourceTitle "playchess.com"]
[Source "ChessBase"]
[SourceQuality "1"]

1. c4 Nf6 2. Nc3 e5 3. Nf3 Nc6 4. g3 d5 5. cxd5 Nxd5 6. Bg2 Nb6 7. O-O Be7 8. a3 O-O 9. b4 a6 10. d3 Re8 11. Be3 Bf8 12. Rc1 Be6 13. Ne4 Nd5 14. Bc5 Bd6 15. Nfg5 Bxc5 16. Nxe6 Bxf2+ 17. Rxf2 fxe6 18. Qd2 Qe7 19. Nc5 Nd4 20. e3 Nb5 21. Nxb7 Nxa3 22. Qb2 Nb5 23. Qxe5 Nxb4 24. Nc5 Rad8 25. d4 Qd6 26. Qh5 Nd5 27. Nb7 Qa3 28. Rcf1 Rb8 29. Qf7+ Kh8 30. Nc5 Qxe3 31. Kh1 Rg8 32. Nxe6 c6 33. Qh5 Qxe6 34. Re2 Qg6 35. Qh4 Nbc3 36. Re5 Rbf8 37. Rfe1 h6 38. Re6 Qf7 39. Rxc6 Re8 40. Rc1 Re3 41. Rc5 Rge8 42. Rf1 Re1 43. Qh3 Rxf1+ 44. Bxf1 Re1 45. Kg1 Ne3 0-1

[Event "FIDE World Blitz-ch Women 2018"]
[Site "St. Petersburg"]
[Date "2018.12.30"]
[Round "13.26"]
[White "Charochkina, Daria"]
[Black "Maletina, Tatiana"]
[Result "1-0"]
[WhiteElo "2344"]
[BlackElo "2270"]
[Annotator "NA"]
[PlyCount "77"]
[EventDate "2018.12.19"]
[EventType "swiss"]
[EventCountry "RUS"]
[SourceTitle "playchess.com"]
[Source "ChessBase"]
[SourceQuality "1"]

1. d4 e6 2. c4 b6 3. a3 f5 4. Nc3 Bb7 5. Nf3 Nf6 6. g3 Bd6 7. Bg2 O-O 8. O-O Ne4 9. d5 Nxc3 10. bxc3 e5 11. e4 Na6 12. exf5 Rxf5 13. Qc2 Rf8 14. Ng5 g6 15. Ne4 Nc5 16. Nxd6 cxd6 17. Bh6 Rf7 18. f4 e4 19. Bxe4 Qf6 20. Bg2 Re8 21. Rae1 Rfe7 22. Bg5 Qf7 23. Bxe7 Rxe7 24. Rxe7 Qxe7 25. f5 Qe3+ 26. Kh1 Nd3 27. fxg6 hxg6 28. Rf3 Qe1+ 29. Bf1 Ne5 30. Rf2 Ba6 31. Qe2 Qxc3 32. Qe4 Qc1 33. Qh4 Bxc4 34. Qd8+ Kh7 35. Qe7+ Kh6 36. Qh4+ Kg7 37. Qf6+ Kh6 38. Qh8+ Kg5 39. Qh4# 1-0

[Event "FIDE World Blitz-ch Women 2018"]
[Site "St. Petersburg"]
[Date "2018.12.30"]
[Round "13.27"]
[White "Sirotkina, Nina"]
[Black "Batsiashvili, Nino"]
[Result "0-1"]
[WhiteElo "2188"]
[BlackElo "2459"]
[Annotator "ChessBase"]
[PlyCount "114"]
[EventDate "2018.12.19"]
[EventType "swiss"]
[EventCountry "RUS"]
[SourceTitle "playchess.com"]
[Source "ChessBase"]
[SourceQuality "1"]

1. d4 Nf6 2. Bf4 d5 3. e3 e6 4. Nf3 Bd6 5. Bg3 O-O 6. c4 c6 7. Nc3 b6 8. Bh4 Be7 9. Bd3 Bb7 10. O-O Nbd7 11. Re1 h6 12. e4 Nxe4 13. Bxe7 Nxc3 14. bxc3 Qxe7 15. Ne5 Nxe5 16. Rxe5 dxc4 17. Bxc4 Rac8 18. Qe2 Qf6 19. a4 c5 20. dxc5 Rxc5 21. Rxc5 bxc5 22. Qe3 Rd8 23. f3 Qg5 24. Qxg5 hxg5 25. Rb1 Bc6 26. Bb5 Bd5 27. Bf1 Kf8 28. Rb5 Rc8 29. a5 Ke7 30. Kf2 Kd6 31. Ke3 f6 32. Rb2 c4 33. Kd4 e5+ 34. Ke3 Rc5 35. Be2 Rxa5 36. Rb8 Rc5 37. Rf8 Rc7 38. Rh8 Re7 39. h4 gxh4 40. Rxh4 Rc7 41. Rh7 a5 42. Rh8 Ra7 43. Rc8 a4 44. Rd8+ Ke6 45. f4 exf4+ 46. Kxf4 g6 47. Bg4+ f5 48. Bf3 Bxf3 49. gxf3 a3 50. Rd1 a2 51. Ra1 Kf6 52. Ke3 Ke5 53. f4+ Kd5 54. Kf3 Ra3 55. Kf2 Ke4 56. Ke2 Kxf4 57. Kd2 Ke5 0-1

[Event "FIDE World Blitz-ch Women 2018"]
[Site "St. Petersburg"]
[Date "2018.12.30"]
[Round "13.28"]
[White "Assaubayeva, Bibisara"]
[Black "Mammadova, Gulnar"]
[Result "1/2-1/2"]
[WhiteElo "2372"]
[BlackElo "2368"]
[Annotator "NA"]
[PlyCount "117"]
[EventDate "2018.12.19"]
[EventType "swiss"]
[EventCountry "RUS"]
[SourceTitle "playchess.com"]
[Source "ChessBase"]
[SourceQuality "1"]

1. Nf3 g6 2. g3 Bg7 3. Bg2 d6 4. O-O e5 5. d3 f5 6. e4 Nf6 7. Nc3 Nc6 8. exf5 Bxf5 9. d4 e4 10. Nh4 O-O 11. Nxf5 gxf5 12. f3 d5 13. fxe4 Nxe4 14. Nxe4 fxe4 15. c3 Rxf1+ 16. Bxf1 Qf6 17. Bf4 Bh6 18. Bxh6 Qxh6 19. Qb3 Qd6 20. Qxb7 Rb8 21. Qa6 Rxb2 22. Bb5 Ne7 23. Qxd6 cxd6 24. c4 dxc4 25. Bxc4+ d5 26. Bb3 Rd2 27. Rc1 Rxd4 28. Rc7 Kf7 29. Kf2 Kf6 30. Rd7 Rd2+ 31. Ke3 Rd3+ 32. Ke2 d4 33. Rd6+ Kf5 34. Bc2 Re3+ 35. Kd2 Ke5 36. Ra6 Rf3 37. Ra5+ Kf6 38. Bxe4 Rf2+ 39. Kd3 Rxh2 40. Ra6+ Ke5 41. Rxa7 Nc8 42. Ra5+ Kf6 43. Kxd4 Ne7 44. Ke3 h5 45. Kf4 h4 46. Ra6+ Kf7 47. gxh4 Rxh4+ 48. Ke5 Rh5+ 49. Kd4 Rh4 50. a4 Ke8 51. a5 Kd8 52. Ra8+ Kc7 53. a6 Nc8 54. a7 Rh8 55. Bd5 Rd8 56. Ke4 Nd6+ 57. Ke5 Rxa8 58. Bxa8 Nb5 59. Ke4 1/2-1/2

[Event "FIDE World Blitz-ch Women 2018"]
[Site "St. Petersburg"]
[Date "2018.12.30"]
[Round "13.29"]
[White "Tsolakidou, Stavroula"]
[Black "Mkrtchian, Lilit"]
[Result "1/2-1/2"]
[WhiteElo "2387"]
[BlackElo "2392"]
[Annotator "NA"]
[PlyCount "84"]
[EventDate "2018.12.19"]
[EventType "swiss"]
[EventCountry "RUS"]
[SourceTitle "playchess.com"]
[Source "ChessBase"]
[SourceQuality "1"]

1. e4 e6 2. d4 d5 3. Nd2 Be7 4. e5 c5 5. c3 Nc6 6. Bd3 cxd4 7. cxd4 Qb6 8. Ndf3 Bd7 9. Ne2 Bb4+ 10. Kf1 Rc8 11. g3 f6 12. Kg2 fxe5 13. dxe5 Nd8 14. Nf4 Ne7 15. Ng5 g6 16. h4 h6 17. Nxg6 hxg5 18. Nxh8 Bb5 19. Bxb5+ Qxb5 20. Bxg5 Ndc6 21. Bf6 Kd7 22. Nf7 Qc4 23. Ng5 Nd4 24. Rc1 Nc2 25. b3 Qc6 26. h5 Ba3 27. Rb1 Nf5 28. h6 Nce3+ 29. fxe3 Nxe3+ 30. Kh3 Nxd1 31. Rbxd1 Qc2 32. Rdf1 Qg6 33. h7 Qh5+ 34. Kg2 Rc2+ 35. Rf2 Rxf2+ 36. Kxf2 Bc5+ 37. Kg2 Qe2+ 38. Kh3 Qh5+ 39. Kg2 Qe2+ 40. Kh3 Qh5+ 41. Kg2 Qe2+ 42. Kh3 Qh5+ 1/2-1/2

[Event "FIDE World Blitz-ch Women 2018"]
[Site "St. Petersburg"]
[Date "2018.12.30"]
[Round "13.30"]
[White "Nakhbayeva, Guliskhan"]
[Black "Tomilova, Elena"]
[Result "1-0"]
[WhiteElo "2371"]
[BlackElo "2338"]
[Annotator "NA"]
[PlyCount "85"]
[EventDate "2018.12.19"]
[EventType "swiss"]
[EventCountry "RUS"]
[SourceTitle "playchess.com"]
[Source "ChessBase"]
[SourceQuality "1"]

1. d4 d5 2. Nf3 Nf6 3. Bf4 c5 4. e3 Nc6 5. Nbd2 cxd4 6. exd4 Bf5 7. c3 h6 8. Bb5 a6 9. Bxc6+ bxc6 10. O-O Qb6 11. Qa4 e6 12. Ne5 Qb5 13. Qxb5 cxb5 14. a4 b4 15. Rfc1 Nd7 16. Nxd7 Kxd7 17. cxb4 Bd6 18. Bxd6 Kxd6 19. Rc5 Rhb8 20. Rac1 Rxb4 21. Rc7 Rc4 22. R7xc4 dxc4 23. Nxc4+ Ke7 24. Nb6 Rd8 25. Rc7+ Kf6 26. Nd7+ Kg5 27. g3 f6 28. f4+ Kg6 29. Ra7 e5 30. Nc5 exd4 31. Nb3 Bc2 32. Nd2 Bd3 33. Kf2 Re8 34. Nb3 Re2+ 35. Kf3 Rxb2 36. Nxd4 Ra2 37. Ne6 f5 38. Nxg7 Rxa4 39. Ne8 Be4+ 40. Ke3 Ra3+ 41. Kd4 a5 42. Rg7+ Kh5 43. Nf6# 1-0

[Event "FIDE World Blitz-ch Women 2018"]
[Site "St. Petersburg"]
[Date "2018.12.30"]
[Round "13.31"]
[White "Injac, Teodora"]
[Black "Maltsevskaya, Aleksandra"]
[Result "0-1"]
[WhiteElo "2325"]
[BlackElo "2243"]
[Annotator "NA"]
[PlyCount "64"]
[EventDate "2018.12.19"]
[EventType "swiss"]
[EventCountry "RUS"]
[SourceTitle "playchess.com"]
[Source "ChessBase"]
[SourceQuality "1"]

1. d4 Nf6 2. Nf3 g6 3. Nbd2 Bg7 4. e4 d6 5. Bd3 O-O 6. O-O Nc6 7. c3 e5 8. h3 Nh5 9. Nb3 h6 10. Re1 Qf6 11. Bf1 Nf4 12. Kh2 g5 13. g3 Nxh3 14. Bxh3 g4 15. Bg2 gxf3 16. Qxf3 Qg6 17. dxe5 Nxe5 18. Qe2 Bg4 19. f3 Qh5+ 20. Kg1 Bxf3 21. Qe3 Bxg2 22. Kxg2 Ng4 23. Qg1 f5 24. Bf4 Rae8 25. Rad1 fxe4 26. c4 Ne5 27. Nd4 Nf3 28. Nxf3 exf3+ 29. Kf2 Re2+ 30. Rxe2 fxe2 31. Rd2 Qc5+ 32. Kg2 Qxg1+ 0-1

[Event "FIDE World Blitz-ch Women 2018"]
[Site "St. Petersburg"]
[Date "2018.12.30"]
[Round "13.32"]
[White "Solozhenkina, Elizaveta"]
[Black "Haussernot, Cecile"]
[Result "0-1"]
[WhiteElo "2258"]
[BlackElo "2196"]
[Annotator "NA"]
[PlyCount "98"]
[EventDate "2018.12.19"]
[EventType "swiss"]
[EventCountry "RUS"]
[SourceTitle "playchess.com"]
[Source "ChessBase"]
[SourceQuality "1"]

1. e4 c5 2. Nf3 d6 3. d4 cxd4 4. Nxd4 Nf6 5. f3 e5 6. Nb3 a6 7. c4 Nc6 8. Nc3 Be7 9. Be2 O-O 10. Be3 Be6 11. O-O Rc8 12. Rc1 Qd7 13. Qd2 Ne8 14. Rfd1 f5 15. exf5 Rxf5 16. Ne4 Qc7 17. Bd3 Rf8 18. Ng5 Bxg5 19. Bxg5 Ne7 20. Be4 Nf5 21. Qb4 h6 22. Bd2 b6 23. a4 a5 24. Qc3 Nf6 25. Bd3 Nh4 26. Be1 Nf5 27. Bf2 Nd7 28. Be4 Nc5 29. Bxc5 dxc5 30. Bxf5 Rxf5 31. Nd2 Bd7 32. Ne4 Bxa4 33. b3 Bc6 34. Nd6 Rcf8 35. Nxf5 Rxf5 36. Qd3 Rf8 37. Qd6 Qc8 38. Qxe5 Re8 39. Qd6 Kh7 40. Re1 Rd8 41. Qe6 Qc7 42. Qf5+ Kh8 43. Rcd1 Ra8 44. Re6 a4 45. Rde1 axb3 46. Re7 Qd6 47. Qg4 Qf6 48. Kh1 b2 49. Qh5 Qxe7 0-1

[Event "FIDE World Blitz-ch Women 2018"]
[Site "St. Petersburg"]
[Date "2018.12.30"]
[Round "13.33"]
[White "Semenova, Elena"]
[Black "Sukhareva, Evgeniya"]
[Result "1-0"]
[WhiteElo "2260"]
[BlackElo "2126"]
[Annotator "NA"]
[PlyCount "85"]
[EventDate "2018.12.19"]
[EventType "swiss"]
[EventCountry "RUS"]
[SourceTitle "playchess.com"]
[Source "ChessBase"]
[SourceQuality "1"]

1. e4 c5 2. Nf3 e6 3. c3 d5 4. exd5 Qxd5 5. d4 Nf6 6. Na3 a6 7. Nc4 Qd8 8. dxc5 Qxd1+ 9. Kxd1 Bxc5 10. Be3 Bxe3 11. fxe3 O-O 12. Bd3 Ng4 13. Ke2 Nd7 14. h3 Ngf6 15. Rad1 Nc5 16. Bc2 Bd7 17. Nd4 Rad8 18. Ne5 Bc8 19. g4 Nd5 20. Rhf1 f6 21. Nef3 Ne7 22. b4 e5 23. bxc5 exd4 24. cxd4 Be6 25. Rb1 Rd7 26. Bb3 Bxb3 27. Rxb3 Nd5 28. Nd2 Re8 29. Nc4 Ree7 30. Rfb1 Nf4+ 31. Kd2 Nxh3 32. Nb6 Rd8 33. Nc4 Rdd7 34. Na5 Nf2 35. Rxb7 Nxg4 36. Rxd7 Rxd7 37. c6 Re7 38. Rb7 Kf8 39. Nc4 Nf2 40. Nd6 Ne4+ 41. Nxe4 Rxe4 42. c7 Re8 43. Rb8 1-0

[Event "FIDE World Blitz-ch Women 2018"]
[Site "St. Petersburg"]
[Date "2018.12.30"]
[Round "13.34"]
[White "Tsatsalashvili, Keti"]
[Black "Garcia Martin, Marta"]
[Result "1-0"]
[WhiteElo "2303"]
[BlackElo "2301"]
[Annotator "NA"]
[PlyCount "91"]
[EventDate "2018.12.19"]
[EventType "swiss"]
[EventCountry "RUS"]
[SourceTitle "playchess.com"]
[Source "ChessBase"]
[SourceQuality "1"]

1. d4 d5 2. Nf3 Nf6 3. c4 e6 4. g3 Bb4+ 5. Bd2 Bd6 6. Bg2 O-O 7. O-O c6 8. Qc2 Nbd7 9. Rd1 Ne4 10. Nc3 f5 11. cxd5 exd5 12. e3 Qe7 13. Ne1 Ndf6 14. Nd3 Ng4 15. Be1 Bd7 16. h3 Ngf6 17. Ne2 Be8 18. f3 Ng5 19. Bf2 Bh5 20. Ne1 Bb4 21. Nc3 Rae8 22. a3 Bd6 23. Ne2 Qd7 24. Nf4 Bf7 25. h4 Ne6 26. Ned3 Nxf4 27. exf4 Bh5 28. Ne5 Qc8 29. b4 Nd7 30. Rac1 a5 31. Qb3 axb4 32. axb4 Nb6 33. b5 Bxe5 34. dxe5 Nc4 35. bxc6 bxc6 36. Bf1 Bf7 37. Bc5 Qe6 38. Qc3 Qg6 39. Kf2 Qh5 40. Ra1 h6 41. Bg2 g5 42. hxg5 hxg5 43. Rh1 Qg6 44. e6 Bxe6 45. Qh8+ Kf7 46. Rh7+ 1-0